000 00429nam a2200169 a 4500
001 0000-8788
003 ELIB.Books
008 110520 1938
035 _a(ELIB.Books)0000-8934
082 _a200.1
_bMoo
100 _aMoore, John M.
245 _aTheories of Religious Experience
260 _bNew York: Round table Press
_c1938
650 _aReligion
942 _2ddc
_cBK
998 _cbat
_e2011-05-20
999 _c8788
_d8788